Cursos de Formación Profesional : clases norcturnas : carnet de Identidad Escolar / Escuela Especial de Tejidos de Punto, Canet de Mar clases norcturnas :
Descripción Física:
[13] p. ; 13 cm
MARC
| LEADER | 00000nam a2200000Ia 4500 | ||
|---|---|---|---|
| 001 | 11357 | ||
| 008 | 160829s9999 xx 000 0 cat d | ||
| 080 | |a FU-3-13 | ||
| 100 | |a Escuela Especial de Tejidos de Punto (Canet de Mar) | ||
| 245 | |a Cursos de Formación Profesional : |b clases norcturnas : |b carnet de Identidad Escolar / Escuela Especial de Tejidos de Punto, Canet de Mar | ||
| 260 | |a Barcelona : |b Diputación Provincial de Barcelona, [195 - ?] | ||
| 300 | |a [13] p. ; |c 13 cm | ||
| 650 | |a Escuela Especial de Tejidos de Punto (Canet de Mar) |x Carnet escolar |9 30098 | ||
| 710 | 1 | |a Barcelona (Catalunya : Província). |b Diputació |9 52408 | |
| 901 | |a Arxiu | ||
| 942 | |n 1 | ||
| 952 | |0 0 |1 0 |4 0 |6 FU313 |7 1 |9 45263 |a Arxiu |b Arxiu |d 2016-12-01 |l 0 |o FU-3-13 |p 11357 |r 2016-12-01 00:00:00 |w 2016-12-01 |y ARXIU | ||
| 999 | |c 48337 |d 48337 | ||